000 00610nam a2200181 i 4500
001 21033
003 ES-MaACL
005 20230906152415.0
007 t|
008 021120s1954 sp ||||1| spa d
100 1 _aAga, Khan.
_918523
245 1 0 _aTiempo y espacio /
_cMemorias de S.A. el Kahn Aga ; prólogo de W. Somerset Maugham ; [traducción del inglés por J. Romero de Tejada].
260 _aBarcelona :
_bPlaneta,
_c[1954] (
_fHorta)
300 _a372 p., 9 lám ;
_c21 cm.
700 1 _aMaugham, W. Somerset.
_979192
700 1 _aRomero de Tejada, J.
_999376
852 _aES-MaACL
_jC-8641
_bR.36794
999 _c21033
_d21033